Statistics for Product To Restaurant - Click Quiz

Click here to take the quiz!

General Stats

  • This quiz has been taken 55 times
  • The average score is 8 of 16

Answer Stats

HintAnswer% Correct
Big MacMcDonalds
94%
WhopperBurger King
91%
Pumpkin Spice LatteStarbucks
88%
BlizzardDairy Queen
72%
BreadsticksOlive Garden
59%
FrostyWendy's
53%
Spicy ItalianSubway
47%
Waffle FriesChick-Fil-A
44%
Carnitas BurritoChipotle
44%
Fried Chicken NuggetsKFC
44%
Crunchwrap SupremeTaco Bell
41%
Original RibletsApplebee's
28%
Double-DoubleIn-N-Out
28%
Classic Crispy Chicken SandwichArby's
19%
French CrullerDunkin' Donuts
19%
Two Tacos For 99¢Jack In The Box
16%

Score Distribution

Percentile by Number Answered

Percent of People with Each Score

Your Score History

You have not taken this quiz